| 000 | 00695nam a22002417a 4500 | ||
|---|---|---|---|
| 005 | 20211117125459.0 | ||
| 008 | 211117b ||||| |||| 00| 0 eng d | ||
| 020 | _a9789391060541 | ||
| 040 |
_aIN-DiNC _cIN-DiNC |
||
| 041 | _dasm | ||
| 082 |
_a332.4 _bMUD |
||
| 245 |
_aMudra aru bittiyo bojar/ _cby Minoti Gogoi Baruah and others |
||
| 250 | _a1st ed. | ||
| 260 |
_aDibrugarh: _bBanalata, _c2021 |
||
| 300 | _a172p. | ||
| 650 | _aMoney and financial markets | ||
| 650 | _aMonetary economics | ||
| 700 |
_aBaruah, Minoti Gogoi _eauthor |
||
| 700 |
_aNeog, Brojen Chandra _eauthor |
||
| 700 |
_aBorah, Arindam _eauthor |
||
| 700 |
_aHazarika, Bidisha Mahanta _eauthor |
||
| 942 |
_2ddc _cBK |
||
| 999 |
_c11234 _d11234 |
||